| 000 | 00774nam a2200253 i 4500 | ||
|---|---|---|---|
| 001 | 12391 | ||
| 003 | ES-MaACL | ||
| 005 | 20230906150313.0 | ||
| 007 | t| | ||
| 008 | 921214s1991 sp ||||0| spa d | ||
| 016 | 7 | _zCHM920010692 | |
| 020 | _a84-873137-92-X | ||
| 040 |
_aCHM _bspa _cCHM |
||
| 080 | _a860-1"19" | ||
| 100 | 1 |
_aRivero, Domingo. _997680 |
|
| 245 | 1 | 0 |
_aPoesías / _cDomingo Rivero. |
| 260 |
_a[Santa Cruz de Tenerife] : _bViceconsejería de Cultura y Deportes, _cD.L. 1991. |
||
| 300 |
_a73 p ; _c22 cm. |
||
| 490 | 1 |
_aBiblioteca básica canaria ; _v19 |
|
| 710 | 1 |
_aCanarias. _bViceconsejería de Cultura y Deportes. _92427 |
|
| 830 | 0 |
_aBiblioteca básica canaria ; _v19 _9177611 |
|
| 852 |
_aES-MaACL _jL-19763 _bR.122353 |
||
| 999 |
_c12391 _d12391 |
||